Nigeria, our latest protectorate /

Saved in:
Bibliographic Details
Main Author: Robinson, Charles H. 1861-1925.
Format: Book
Language:English
Published: London : H. Marshall and Son, 1900.
Subjects:
Tags: Add Tag
No Tags, Be the first to tag this record!
LEADER 00711cam a2200205Ia 4500
001 006445846-6
005 20020606163548.3
008 830212s1900 enkafcb 000 0 eng d
035 0 |a ocm09216034 
040 |a USD  |c USD  |d NYP  |d HLS 
090 |a DT515  |b .R65 
100 1 |a Robinson, Charles H.  |q (Charles Henry),  |d 1861-1925. 
245 1 0 |a Nigeria,  |b our latest protectorate /  |c by Charles Henry Robinson. 
260 |a London :  |b H. Marshall and Son,  |c 1900. 
300 |a xii, 223 p. :  |b ill., fold. map, ports., plates ;  |c 20 cm. 
500 |a Includes description of the Hausas, inhabitants of the country. 
650 0 |a Hausa (African people) 
651 0 |a Nigeria  |x Description and travel. 
988 |a 20020608 
906 |0 OCLC